ბათუმის შოთა რუსთაველის სახელმწიფო უნივერსიტეტის ბიბლიოთეკა

საზღვაო გადაზიდვების საერთაშორისო და შიდასახელმწიფოებრივი სამართლებრივი რეგულირება : (ბიბ.ჩანაწერი № 63492)

000 -ლიდერი
ფიქსირებული სიგრძის საკონტროლო ველი 01616nam a22002417a 4500
003 - საკონტროლო ნომრის იდენტიფიკატორი
საკონტროლო ველი Ge_BSU
005 - ბოლო ოპერაციის თარიღი და დრო
საკონტროლო ველი 20251017211836.0
008 - ფიქსირებული სიგრძის მონაცემთა ელემენტები - ზოგადი ინფორმაცია
ფიქსირებული სიგრძის საკონტროლო ველი 251017s2009 ge ||||| |||| 00| 0 geo d
020 ## - წიგნის საერთაშორისო სტანდარტული ნომერი
International Standard Book Number 9789941409097
041 ## - ენის კოდი
Language code of text/sound track or separate title geo
080 ## - უნივერსალური ათობითი კლასიფიკაციის ინდექსი
Universal Decimal Classification number 656.614 : 347.79 წ-85
100 ## - მთავარი ჩანაწერი - პიროვნების სახელი
Personal name წულაძე, იაგო
9 (RLIN) 22025
245 ## - ცნობა სათაურის შესახებ
Title საზღვაო გადაზიდვების საერთაშორისო და შიდასახელმწიფოებრივი სამართლებრივი რეგულირება :
Remainder of title დამხმ. სახელმძღვ. /
Statement of responsibility, etc იაგო წულაძე; [რედ. როსტომ გუნთაიშვილი]; ბათუმ. საზღვაო აკად. ბიზნესისა და მართვ. ფაკულტეტი.
264 ## - წარმოების, გამოცემის, დისტრიბუციის და სხვა ცნობები
გამოცემის, წარმოების, დისტრიბუციის... ადგილი ბათუმი :
გამოცემის, წარმოების, დისტრიბუციის... სახელწოდება შოთა რუსთაველის სახელმწ. უნ-ტი,
გამოცემის, წარმოების, დისტრიბუციის... თარიღი 2009.
300 ## - ფიზიკური აღწერა
Extent 215გვ. ;
Other physical details 20 სმ.
501 ## - შენიშვნა თანმხლებ მასალაზე
With note დანართი რუს.: გვ. 185-209.
504 ## - BIBLIOGRAPHY, ETC. NOTE
Bibliography, etc ბიბლიოგრ.: გვ. 210-214.
653 ## - INDEX TERM--UNCONTROLLED
Uncontrolled term საზღვაო გადაზიდვები
653 ## - INDEX TERM--UNCONTROLLED
Uncontrolled term სამართლებრივი რეგულირება
700 ## - ADDED ENTRY--PERSONAL NAME
Personal name გუნთაიშვილი, როსტომ
Relator term რედაქტორი
9 (RLIN) 2269
710 ## - ADDED ENTRY--CORPORATE NAME
Corporate name or jurisdiction name as entry element ბათუმის საზღვაო აკადემია
Subordinate unit ბიზნესისა და მართვ. ფაკულტეტი
9 (RLIN) 26065
942 ## - ADDED ENTRY ELEMENTS (KOHA)
Source of classification or shelving scheme
Koha item type წიგნი
ეგზემპლარები
ჩამოწერის სტატუსი დაკარგული ეგზემპლარის სტატუსი კლასიფიკაციის წყარო ან თაროზე გაწყობის სქემა დაზიანების სტატუსი არ გაიცემა მუდმივი მდებარეობა (დაცვის ადგილი) ამჟამინდელი ადგილსამყოფელი თაროზე განთავსების ადგილი შეძენის თარიღი ღირებულება, შესყიდვის ნორმალური ფასი სრული შენახვის შიფრი შტრიხკოდი ბოლო ოპერაციის თარიღი ეგზემპლარის მიმდევრობითი ნომერი (კეტერი?) ფასის ძალაში შესვლის თარიღი ეგზემპლარის სახეობა საჯარო შენიშვნა
          ბათუმის შოთა რუსთაველის სახელმწიფო უნივერსიტეტის მთავარი ბიბლიოთეკა ბათუმის შოთა რუსთაველის სახელმწიფო უნივერსიტეტის მთავარი ბიბლიოთეკა წიგნსაცავი 2025-10-17 6.00 656.614 : 347.79 წ-85 72731 2025-10-17 72731 2025-10-17 წიგნი 6 ლ.
          ბათუმის შოთა რუსთაველის სახელმწიფო უნივერსიტეტის მთავარი ბიბლიოთეკა ბათუმის შოთა რუსთაველის სახელმწიფო უნივერსიტეტის მთავარი ბიბლიოთეკა წიგნსაცავი 2025-10-17 10.00 656.614 : 347.79 წ-85 72732 2025-10-17 72732 2025-10-17 წიგნი 10 ლ.
          ბათუმის შოთა რუსთაველის სახელმწიფო უნივერსიტეტის მთავარი ბიბლიოთეკა ბათუმის შოთა რუსთაველის სახელმწიფო უნივერსიტეტის მთავარი ბიბლიოთეკა წიგნსაცავი 2025-10-17 6.00 656.614 : 347.79 წ-85 72730 2025-10-17 72730 2025-10-17 წიგნი 6 ლ.